000 00735nam a2200217Ia 4500
005 20241129111436.0
008 241129s9999||||xx |||||||||||||| ||und||
020 _a978-93-81490-78-5
037 _aTB
040 _aCRL
_bhin
_cCRL
041 _ahin
_2hin
084 _aV2y7M69 152Q9
_qCRL
100 _aश्री भगवान सिंह, ले.
245 0 _aगॉंधी और हिन्दी साहित्य
_cश्री भगवान सिंह, ले.
260 _aदिल्ली, भारत
_bयश पब्लिकेशंस
_c2019
300 _a144पृ0
365 _aINR
_b395
650 _a History
942 _cTB
_hV2y7M69 152Q9
999 _c1230484
_d1230484